00594 2200169 4500245004700000020001800047250001200065100001400077650001700091005001900108260003800127041001400165084000800179300002900187500019900216336000900415 aMoga Bunda Disayang AllahcTere LiyehText a9786028997652 aCet. 18 aTere Liye aNovel Remaja a20240109132605 aJakartabRepublika Penerbitc2013 aIndonesia a813 avi, 306 hlm. :c20.5 cm. a"Buku ini akan membuat Anda lebih mencintai Allah dan hamba-hamba-Nya. Jangan menjadi orang yang merugi karen tidak mendapatkan 'ilmu' dari buku ini." (Ratih Sang Penulis Buku "Kerudung Praktis) atext